| 000 | 00638nam a2200205Ia 4500 | ||
|---|---|---|---|
| 005 | 20260601193220.0 | ||
| 008 | 260601s9999||||xx |||||||||||||| ||und|| | ||
| 020 |
_a978-981-99-8021-5 _qebk |
||
| 100 | _aFuchun Sun | ||
| 245 | 0 | _aCognitive Systems and Information Processing | |
| 250 | _a1st ed. 2024 | ||
| 260 |
_aHeidelberg, Germany _bSpringer Nature _c2024 |
||
| 440 | _aCommunications in Computer and Information Science | ||
| 650 | _aComputer Science | ||
| 700 | _aBin Fang | ||
| 700 | _aQinghu Meng | ||
| 700 | _aZhumu Fu | ||
| 856 | _uhttps://link.springer.com/openurl?genre=book&isbn=978-981-99-8021-5 | ||
| 942 |
_cEB _2ddc |
||
| 999 |
_c55777 _d55777 |
||